[Event "Barbera del Valles op-B 30th"]
[Site "Barbera del Valles"]
[Date "2007.07.10"]
[Round "5"]
[White "Gomez Jimenez, Ruben"]
[Black "Vives Cabau, Jordi"]
[Result "1-0"]
[WhiteElo "1916"]
[BlackElo "2025"]
[PlyCount "107"]
[EventDate "2007.07.06"]
[EventType "swiss"]
[EventRounds "7"]
[EventCountry "ESP"]
[SourceTitle "EXT 2008"]
[Source "ChessBase"]
[SourceDate "2007.11.25"]
[SourceVersion "1"]
[SourceVersionDate "2007.11.25"]
[SourceQuality "1"]

1. d4 d6 2. c4 e5 3. Nc3 f5 4. dxe5 dxe5 5. Qxd8+ Kxd8 6. Nf3 e4 7. Nd4 c6 8. Bf4 Nf6 9. 0-0-0 Ke8 10. f3 Be7 11. g3 Kf7 12. Bg2 exf3 13. exf3 Na6 14. h3 Nc5 15. g4 Ne6 16. Nce2 Nxf4 17. Nxf4 c5 18. Nb5 Rb8 19. Nxa7 Ra8 20. Nxc8 Rhxc8 21. a3 g5 22. Nd5 Nxd5 23. Rxd5 f4 24. h4 gxh4 25. g5 Rd8 26. Rxd8 Rxd8 27. Rxh4 Kg7 28. Rh5 Rh8 29. Bh3 Kg6 30. Rh6+ Kxg5 31. Rb6 Rb8 32. Re6 Bf6 33. Bg4 Rg8 34. Kc2 Bd4 35. Re7 h5 36. Be6 Kf6 37. Rd7 Re8 38. Bd5 Re2+ 39. Kd3 Rxb2 40. Rxb7 h4 41. Rxb2 Bxb2 42. Ke2 h3 43. Kf1 Bd4 44. a4 Kg5 45. Be6 Kh4 46. a5 Kg3 47. Bxh3 Be5 48. a6 Bb8 49. Bg4 Kh4 50. Ke2 Kg5 51. Kd3 Kf6 52. Ke4 Ke7 53. Kd5 Kd8 54. Kc6 1-0

[Event "Barbera del Valles op-B 30th"]
[Site "Barbera del Valles"]
[Date "2007.07.09"]
[Round "4"]
[White "Rodriguez Pardo, Fernando"]
[Black "Gomez Jimenez, Ruben"]
[Result "1-0"]
[WhiteElo "2058"]
[BlackElo "1916"]
[PlyCount "37"]
[EventDate "2007.07.06"]
[EventType "swiss"]
[EventRounds "7"]
[EventCountry "ESP"]
[SourceTitle "EXT 2008"]
[Source "ChessBase"]
[SourceDate "2007.11.25"]
[SourceVersion "1"]
[SourceVersionDate "2007.11.25"]
[SourceQuality "1"]

1. d4 Nf6 2. c4 d6 3. Nc3 e5 4. Nf3 Nbd7 5. g3 g6 6. dxe5 dxe5 7. b3 Bg7 8. Ba3 c6 9. Qd2 Qa5 10. Bd6 e4 11. Nd4 Nd5 12. cxd5 c5 13. Ndb5 a6 14. Nc7+ Kd8 15. Rc1 Ra7 16. Ne6+ fxe6 17. dxe6 Bxc3 18. Rxc3 Nb6 19. Qg5+ 1-0

[Event "Barbera del Valles op-B 30th"]
[Site "Barbera del Valles"]
[Date "2007.07.08"]
[Round "3"]
[White "Gomez Jimenez, Ruben"]
[Black "Vigo Allepuz, David"]
[Result "1/2-1/2"]
[WhiteElo "1916"]
[BlackElo "2141"]
[PlyCount "123"]
[EventDate "2007.07.06"]
[EventType "swiss"]
[EventRounds "7"]
[EventCountry "ESP"]
[SourceTitle "EXT 2008"]
[Source "ChessBase"]
[SourceDate "2007.11.25"]
[SourceVersion "1"]
[SourceVersionDate "2007.11.25"]
[SourceQuality "1"]

1. d4 e6 2. c4 f5 3. Nc3 Nf6 4. Nf3 d5 5. e3 c6 6. Be2 Bd6 7. a3 0-0 8. b4 Nbd7 9. Bd2 Ne4 10. b5 Ndf6 11. 0-0 g5 12. Ne1 Nxc3 13. Bxc3 Ne4 14. Bb4 Bxb4 15. axb4 cxb5 16. cxb5 Bd7 17. Nf3 Nc3 18. Qd2 Bxb5 19. Bxb5 Nxb5 20. Rfc1 a6 21. Rc5 Nd6 22. Rc2 a5 23. Rxa5 Rxa5 24. bxa5 Nc4 25. Qb4 g4 26. Ne5 Qxa5 27. Qxa5 Nxa5 28. Rc5 Ra8 29. h3 h5 30. Nd3 Nc6 31. Rb5 Ra7 32. Nc5 Nd8 33. Rb6 Kf7 34. Rd6 Ke7 35. Rd7+ Ke8 36. Rd6 h4 37. Nxe6 Ke7 38. Rxd8 Kxe6 39. Rh8 Ra1+ 40. Kh2 Rf1 41. Rxh4 gxh3 42. Rxh3 Rxf2 43. Rh6+ Kd7 44. Rb6 Kc7 45. Rb3 Kc6 46. Rc3+ Kb6 47. Rb3+ Kc7 48. Rc3+ Kb8 49. Rc5 b6 50. Rxd5 Rf1 51. Rb5 Kc7 52. g3 Kc6 53. Rb2 Re1 54. Rb3 b5 55. Kg2 Kb6 56. Kf2 Rd1 57. Ke2 Rg1 58. Kf3 Rf1+ 59. Ke2 Rc1 60. Kf2 Rd1 61. Kf3 Rf1+ 62. Ke2 1/2-1/2